Παραγωγή τηλεοπτικού ντοκυμαντέρ : το ελληνικό παράδειγμα : [πτυχιακή εργασία]

Saved in:
Bibliographic Details
Main Author: Καλογνώμου-Άλλα, Ελένη
Corporate Author: Πανεπιστήμιο Αιγαίου. Σχολή Κοινωνικών Επιστημών. Τμήμα Πολιτισμικής Τεχνολογίας και Επικοινωνίας
Other Authors: Στάθη, Ειρήνη (Thesis advisor)
Format: Thesis Book
Language:Greek
Published: 2011
Subjects:
Online Access:http://hdl.handle.net/11610/10656
Tags: Add Tag
No Tags, Be the first to tag this record!

MARC

LEADER 00000cam a2200000 i 4500
001 1/34160
008 130807s2011 gre d
035 |l 10115224 
040 |a GR-MY-UA  |b gre  |e aacr 
041 0 |a gre 
082 0 |a 791.43  |2 (22) 
100 1 |a Καλογνώμου-Άλλα, Ελένη. 
245 1 0 |a Παραγωγή τηλεοπτικού ντοκυμαντέρ :  |b το ελληνικό παράδειγμα : [πτυχιακή εργασία] /  |c Καλογνώμου-Άλλα Ελένη ; επιβλέπουσα καθηγήτρια: Στάθη Ειρήνη 
260 |c 2011 
300 |a 60 σ.;  |c 30 εκ. 
500 |a Βιβλιογραφία: σ. 58-60 
502 |a Πτυχιακή εργασία – Πανεπιστήμιο Αιγαίου, Λέσβος, 2011. 
650 0 0 |a Documentary films  |z Greece. 
650 0 0 |a Documentary films  |x Production and direction. 
650 0 0 |a Dissertations, Academic  |z Greece. 
700 1 |a Στάθη, Ειρήνη.  |4 ths 
710 2 |a Πανεπιστήμιο Αιγαίου.   |b Σχολή Κοινωνικών Επιστημών.   |b Τμήμα Πολιτισμικής Τεχνολογίας και Επικοινωνίας. 
852 |a INST  |b LESVOS  |c DIATR  |e 20130807  |h 295  |p 005100053254  |q 005100053254  |t DIE  |y 23 
852 |a INST  |b LESVOS  |c DIATR  |e 20130807  |h 296  |p 005100053253  |q 005100053253  |t DIE  |y 23 
856 |u http://hdl.handle.net/11610/10656 
901 |a BIBL1-2013-2 
909 |a Λ  |b 173696 
909 |a Λ  |b 173696 
924 |a ΚΟΛΟΓΝΩΜΟΥ-ΑΛΛΑ  |b ΕΛΕΝΗ  |y ΛΕΣΒΟΣ  |z 2011-11 
970 |a ΤΖΑΦΕΡΗ  |b ΕΥΑΓΓΕΛΙΑ  |z 2013/08/12